000 00649nam a2200181Ia 4500
008 090124s9999 xx 000 0 und d
082 _b19628
100 _aमाटे श्रीपाद महादेव
245 _a आपापलें हितगुज
250 _a1
260 _bश्रीपाद महादेव माटे
_c1942
300 _a194
600 _aमाटे श्रीपाद महादेव
630 _a आपापलें हितगुज
700 _aमाटे श्रीपाद महादेव
730 _a आपापलें हितगुज
942 _cBOOK
999 _c90551
_d90551